Responses for Show #1667 - Tuesday, November 26, 1991

Kirk Ditzler game 2.

Contestants

[<< previous game]

Steve Greenfogel, an attorney from Cherry Hill, New Jersey

Kerry Turk, a defense analyst from San Antonio, Texas

Kirk Ditzler, a teacher from Houston, Texas (whose 1-day cash winnings total $6,600)

[next game >>]

Jeopardy! Round responses

THE HUMAN BODY
IOWA
BIRDS
FOREIGN CURRENCY
MIDDLE NAMES
"HOUSE"s
    $100 15
oxygen

Steve
    $100 3
Des Moines

Steve
    $100 26
flamingos

Kirk
    $100 9
France

Kirk
    $100 12
Harvey

Kirk
    $100 1
House of Commons

Kirk
    $200 22
(Kerry: What is gamma globulin?)

insulin

KirkKerry
    $200 4
(Steve: What is a silo?)

coffee pot

Steve
Triple Stumper
    $200 27
roadrunner

Kirk
    $200 17
Spain

Steve
    $200 13
Wilson

Steve
    $200 2
House Un-American Activities Commission

Kerry
    $300 23
eyes

Kirk
    $300 5
rail

Steve
    $300 28
owls

Kirk
    $300 18
dollar

Kirk
    $300 14
Dashiell

Kerry
    $300 8
(Kerry: What is "The House of New Orleans?)

"The House of the Rising Sun"

KerrySteve
    $500 24
pelvis

Kirk
    $400 6
state fair

Kerry
    $400 30
mynah birds

Kerry
    $400 19
pence

Steve
    $400 16
Lane

Kerry
    $400 10
House of Wax

Kirk
    $500 25
melanin

Kirk
    $500 7
geode

Kirk
    $500 29
tern

Kirk
    $500 20
Shekel

Triple Stumper
    $500 21
Rembrandt

Kerry
    $500 11
House of Burgesses

Kirk

Scores at the first commercial break (after clue 16):

Kirk Kerry Steve
$1,700 $1,000 $800

Scores at the end of the Jeopardy! Round:

Kirk Kerry Steve
$4,600 $1,700 $1,400

Double Jeopardy! Round responses

AUTHORS
U.S. HISTORY
AFRICA
THEATRE
PHYSICAL SCIENCE
MYTHOLOGICAL WORDS & PHRASES
    $200 3
Emily Post

Steve
    $200 1
ping-pong

Kerry
    $200 19
Indian

Kirk
    $200 9
(Kirk: Who is Hank Williams?)

"the King", Elvis

Kirk
Triple Stumper
    $200 26
aluminum

Kirk
    $200 16
Gordian Knot

Kirk
    $400 5
(Russian) Orthodox

Kirk
    $400 2
Nixon

Kirk
    $400 22
(Steve: Lake Tanganyika?)

Lake Victoria

KirkSteve
    $400 10
Shakespeare

Steve
    $400 27
lasers

Kirk
    $400 17
Hercules

Kirk
    $600 6
Jefferson Davis

Kerry
    $600 4
(Steve: What is to sell bonds?)

recruiting for the military

KirkSteve
    $400 23
Liberia

Kirk
    $600 12
Maria Callas

Kirk
    $600 28
carbon (carbon 14)

Kirk
    $600 18
Narcissus

Kerry
    $1,500 7
(Kerry: Who is Browning?)

Sir Walter Raleigh

Kerry
    $800 11
(Kirk: What is soil?)
(Alex: Be more specific.)

topsoil

Kirk
    $800 24
Swahili

Kirk
    $800 13
Lillian Hellman

Steve
    $800 29
helium

Triple Stumper
    $800 20
Valhalla

Kerry
    $1000 8
Daniel Defoe

Kirk
    $1000 14
Good Neighbor Policy

Kirk
    $1000 25
(Kerry: What is the Ivory Coast?)

Ghana

KerrySteve
    $1000 15
Harold Pinter

Triple Stumper
    $1000 30
(Kirk: What is fly in a balloon?)

undergo powered flight

Kirk
Triple Stumper
    $1000 21
Lorelai

Triple Stumper

Scores at the end of the Double Jeopardy! Round:

Kirk Kerry Steve
$11,800 $1,400 $2,800
(lock game)

[wagering suggestions for these scores]

Final Jeopardy! Round responses

FAMOUS NAMES
KerryWho was Fulton?
$1,399
SteveWho was Roebling
$0
KirkWho Casey Jones?
$200
Alexandre Gustave Eiffel

Final scores:

Kirk Kerry Steve
$11,600 $1 $2,800
2-day champion: $18,200 3rd place: Yorx CD stereo system + Jeopardy! home game or Jeopardy! Challenger 2nd place: Samsung VHS camcorder & tour of Southern California on the Goodyear Blimp + Jeopardy! home game or Jeopardy! Challenger

Game dynamics:

Coryat scores:

Kirk Kerry Steve
$11,900 $2,900 $2,800
31 R
(including 2 DDs),
2 W
10 R,
4 W
(including 1 DD)
11 R,
3 W

Combined Coryat: $17,600

[game clues] [game scores] [suggest correction]

Game tape date: 1991-09-12
The J! Archive is created by fans, for fans. Scraping, republication, monetization, and malicious use prohibited; this site may use cookies and collect identifying information. See terms. The Jeopardy! game show and all elements thereof, including but not limited to copyright and trademark thereto, are the property of Jeopardy Productions, Inc. and are protected under law. This website is not affiliated with, sponsored by, or operated by Jeopardy Productions, Inc. Join the discussion at JBoard.tv.